Statistics for Roller coasters by picture - Europe edition

Click here to take the quiz!

General Stats

  • This quiz has been taken 89 times
  • The average score is 9 of 12

Answer Stats

Answer% Correct
Zadra
91%
The Big One
83%
Wildfire
83%
BlueFire Mega Coaster
78%
Icon
71%
Shambhala
71%
Taiga
71%
Kondaa
68%
Fenix
65%
Batman Gotham City Escape
63%
Colossos
57%
Fenix
54%

Score Distribution

Percentile by Number Answered

Percent of People with Each Score

Your Score History

You have not taken this quiz